La forza di ritrovarsi : assertività ed emozioni /

Guardat en:
Dades bibliogràfiques
Autor principal: Nanetti, Franco (Autor)
Format: Llibre
Idioma:italià
Publicat: Bologna : Pendragon, [2002!
Col·lecció:Sentieri della mente ; 1
Etiquetes: Afegir etiqueta
Sense etiquetes, Sigues el primer a etiquetar aquest registre!

MARC

LEADER 00000nam a22000007i 4500
001 IT\ICCU\MOD\0797735
003 ItRI
005 20260115231941.0
008 030514s2002 it |||||| ||||| |||||c
020 |a 8883421701 
040 |b ita  |c importazione bologna sebina 
041 7 |a ita  |2 ISO-639-2 
100 1 |a Nanetti, Franco  |0 IT\ICCU\CFIV\001962  |4 aut 
245 1 3 |a La forza di ritrovarsi :  |b assertività ed emozioni /  |c Franco Nanetti. 
260 |a Bologna :  |b Pendragon,  |c [2002! 
300 |a 172 p. ;  |c 21 cm. 
830 0 |a Sentieri della mente ;  |v 1  |0 IT\ICCU\MOD\0797738 
942 |2 ddc  |c BK  |n 0 
952 |0 0  |1 0  |4 0  |6 DOC_158_200000000000000_NAN  |7 0  |9 17655  |a BO  |b BO  |d 2026-01-15  |i 15232  |l 0  |o DOC 158.2 NAN  |p BO15232  |r 2026-01-15 23:19:41  |w 2026-01-15  |x [Sebina 5] [1 v.]  |y BK  |z 1 v. 
999 |c 15036  |d 15036